El padre Hurtado

Guardat en:
Dades bibliogràfiques
Autor principal: Magnet Pagueguy, Alejandro (autor)
Format: Llibre
Idioma:espanyol
Publicat: s.l Los Andes 2003
Edició:5a. ed
Matèries:
Etiquetes: Afegir etiqueta
Sense etiquetes, Sigues el primer a etiquetar aquest registre!

MARC

LEADER 00000cam a2200000 a 4500
001 UCC7713
003 CL-VaPUC
008 190505e20030000cl |||||||||||||||||spa|d
020 |a 9567014639 
082 0 4 |a 282.092  |b MAG  |2 21 
100 |a Magnet Pagueguy, Alejandro  |e autor  |9 484267 
245 1 3 |a El padre Hurtado 
250 |a 5a. ed 
300 |a 257 p 
942 |c BK 
945 |d 20190505 21:05:00  |a dcastane 
260 |a s.l  |b Los Andes  |c 2003 
600 0 |a Hurtado Cruchaga, Alberto   |d 1901-1952  |9 309962 
650 7 |a SACERDOTES CHILENOS  |2 CL-VaPUC  |9 309963 
650 0 |a Biografías  |9 255210 
583 |a last modification  |c 20190505 21:05:00  |k Rodrigo Vera 
999 |c 374280  |d 374278